00578nam a2200181Ia 4500952013300000999001500133003000400148005001700152008004100169040000900210082001800219100002200237245004700259260002800306300000900334650001100343942004200354 00102ddc40708BOTANYaMESbMEScBOTANYd2019-02-20g72.00l0o582.13 POR/Tp4272r2019-02-20 00:00:00w2019-02-20yBKzGL19R4 c1146d1146OSt20200923125623.0190216s9999||||xx |||||||||||||| ||und|| coclc a582.13bPOR/T aPorter, C L94872 0aTaxonomy Of Flowering Plants /cC L Porter bEurasia Pub-Ltd,c1969. a416p aBotany cBK2ddch582.13iPOR/Tk582.13mPOR/T